000 00674nam a2200241Ia 4500
003 OSt
005 20220916111053.0
006 a|||||r|||| 00| 0
007 ta
008 220915b |||||||| |||| 00| 0 eng d
024 _a247108
037 _cTextbook
040 _beng
_aARTS
_cARTS
041 _aeng
082 _a2:55, J4;M8
100 _aRanganathan S R
245 0 _aClassfied catalogue code with additional rules for dictionary catalogue code
260 _aBombay
_bAsia Publishing House
300 _a644p
_ccm.
650 _aLIBRARY SCIENCE; CATALOGUING
942 _h2:55, J4;M8
_cTB
_2CC
999 _c104950
_d104950